A NOTE ON IMPROVED ESTIMATIONS FOR INTEGRATED SZÁSZ-MIRAKYAN OPERATORS

Bibliographic Details
Main Authors: Gupta, Vijay (Author), Deo, Naokant (Author)
Format: Article
Language:English

MARC

LEADER 00000nab a2200000uu 4500
001 vtls011450060
003 SK-MaSNL
005 20260303151420.0
008 230222|2011 xo |||||||||||||||||eng|
015 |a SNBRB 
035 |a (urnnbn)urn:nbn:sk:snk:ar-006f59 
035 |a (uuid)ffb29053-a417-4c1b-832f-d12813dc4c6a 
035 |a urn:nbn:sk:snk-abcmc3 
040 |a SNKBUCL  |b slo  |c SNKBUCL  |e AACR2 
041 0 |a eng 
044 |a xo  |c SK 
100 1 |a Gupta, Vijay  |4 aut  |9 1170941 
245 1 0 |a A NOTE ON IMPROVED ESTIMATIONS FOR INTEGRATED SZÁSZ-MIRAKYAN OPERATORS  |c Vijay Gupta, Naokant Deo 
700 1 |a Deo, Naokant  |4 aut  |9 1170956 
773 0 |t Mathematica Slovaca  |g Roč. 61, č. 5 (2011), s. [799]-806 
958 |a OND 
958 |a EUIPO 
958 |a article16 
999 |c 2017561  |d 2019491